Cálculo / Edwin J. Purcell, Dale Varberg, Steven E. Rigdon (Registro nro. 18846)
[ vista simple ]
| 000 -LÍDER | |
|---|---|
| fixed length control field | 00518nam a2200169 4500 |
| 008 - ELEMENTOS DE LONGITUD FIJA -- INFORMACIÓN GENERAL | |
| fixed length control field | 0 2001 0a 000 0Mex |
| 020 ## - NÚMERO INTERNACIONAL NORMALIZADO PARA LIBROS | |
| ISBN | 970-26-0132-0 |
| 050 ## - SIGNATURA TOPOGRAFICA DE LA BIBLIOTECA DEL CONGRESO (LC) | |
| Número de Clasificación | QA303 P9918 2001 |
| 082 ## - NUMERO DE CLASIFICACION DECIMAL DEWEY | |
| Número de Clasificación | 515.15 P692c |
| 100 ## - ASIENTO PRINCIPAL--NOMBRE PERSONAL | |
| Nombre personal | Purcell, Edwin J. |
| 245 ## - TÍTULO | |
| Título | Cálculo / Edwin J. Purcell, Dale Varberg, Steven E. Rigdon |
| 250 ## - MENCIÓN DE EDICIÓN | |
| Mención de edición | 8a. ed |
| 260 ## - PUBLICACIÓN, DISTRIBUCIÓN, ETC. (PIE DE IMPRENTA) | |
| Lugar de publicación, distribución, etc. | México : Pearson Educacion |
| 300 ## - DESCRIPCIÓN FÍSICA | |
| Extensión | xvi, 796 p. / 27 cm. |
| 650 ## - ASIENTO SECUNDARIO DE MATERIA - TERMINO TEMÁTICO | |
| Término temático o nombre geográfico como elemento de entrada | 1. CALCULO |
| 700 ## - ASIENTO SECUNDARIO - NOMBRE PERSONAL | |
| Nombre personal | I. Varberg, Dale coaut. II. Rigdon Steven E. coaut. |
| No. biblioteca | No. biblioteca | Número de clasificación | Código de barras/Número de adquisición | Número de copia | Tipo de material |
|---|---|---|---|---|---|
| LUIS G. INCLAN | LUIS G. INCLAN | 515.15 P692c | 45684 | 1 | Libros |
| LUIS G. INCLAN | LUIS G. INCLAN | 515.15 P692c | 45685 | 2 | Libros |
| ÁREA DE BÁSICAS | ÁREA DE BÁSICAS | 515.15 P692c | 50119 | 3 | Libros |
